MDQL
is popping MORE tags! Check the
thread
!
Quizzes
Events
Quiz Creation
Community
Videos
Private Events
Remove Ads
Sign In
Join for FREE
Feedback
Dark Mode
Quiz Categories
Sports
Geography
Music
Movies
Television
Just For Fun
Miscellaneous
History
Literature
Language
Science
Gaming
Entertainment
Religion
Holiday
For Kids
Quiz Lab
Recent
Popular Today
Quiz Kudos Today
Editor Picks
Curator Picks
Quizzes by...
Day
Popularity
Type
Ratings
Length
Year
Community
Subscriptions
Recent Discussions
Orange Saloon
Badges
Playlists
Quests
Create
Leaderboards
Showdown
Live 5
Trivia Bingo
Activity
Puzzle Library
Sporcle Events
Private Events
Virtual Trivia
Globe League
Become a Host
Pub Owners
SporcleCon
Opinionation
Our Games
Videos
Blog
Mobile Apps
Partnerships
Remove Ads and Go Orange
Feedback
Sports
Athletes
MLB
NBA
NHL
NFL
Soccer
Sports Teams
WWE
NCAA
Football
Premier League
Basketball
Baseball
Hockey
Golf
Tennis
Cricket
Rugby
Auto Racing
Olympics
World Cup
Sports
Athletes
MLB
NBA
NHL
NFL
Soccer
Sports Teams
WWE
NCAA
Football
Premier League
Basketball
Baseball
Hockey
Golf
Tennis
Cricket
Rugby
Auto Racing
Olympics
World Cup
Random Quiz
Search Sporcle
×
Quiz Lab
Quiz Lab
Sports
Premier League
Type in answers that appear in a list
Type in answers that appear in a list
Classic
Best Score? Go Orange.
All-time Premier League table Stats
Can you name the All-time FA Premier League table ?
By
danwiser529
10m
44 Questions
1,392 Plays
1,392 Plays
1,392 Plays
Comments
Comments
Give Quiz Kudos
Give Quiz Kudos
-
- Ratings
hide this ad
Forced Order
Answers have to be entered in order
Answers have to be entered in order
Replay
Link that replays current quiz
Next Quiz
Link to next quiz in quiz playlist
You Got
0%
They Got
Avg Score
19%
Avg Friend Score
Upgrade to see
Score Distribution
Jump to the score distribution portion of the page
Score
0/44
Timer
10:00
0
Plays Today
Position
Team
% Correct
1st
Manchester United
99.3%
2nd
Arsenal
98%
3rd
Chelsea
96.6%
4th
Liverpool
94.4%
5th
Aston Villa
69.5%
7th
Everton
52.2%
6th
Tottenham Hotspur
42.8%
8th
Newcastle United
33.2%
9th
Blackburn Rovers
23.9%
11th
Leeds United
23.1%
10th
West Ham United
19.9%
13th
Manchester City
17.2%
12th
Middlesbrough
12.4%
16th
Fulham
11.1%
15th
Bolton Wanderers
10.5%
44th
Blackpool
10.1%
14th
Southampton
9.8%
21st
Sunderland
9.2%
43rd
Swindon Town
6.9%
18th
Sheffield Wednesday
6%
34th
Stoke City
6%
29th
Wigan Athletic
6%
Position
Team
% Correct
17th
Coventry City
5.9%
25th
Birmingham City
5.8%
42nd
Burnley
5.5%
33rd
West Bromwich Albion
5.3%
37th
Wolverhampton Wanderers
5.2%
19th
Wimbledon
4.7%
24th
Derby County
4.7%
20th
Charlton Athletic
4.5%
22nd
Leicester City
4.5%
41st
Barnsley
4.4%
23rd
Portsmouth
4.4%
26th
Nottingham Forest
4%
35th
Reading
3.7%
31st
Crystal Palace
3.6%
38th
Hull City
3.6%
30th
Norwich City
3.4%
32nd
Sheffield United
3.3%
28th
Queens Park Rangers
3.2%
27th
Ipswich Town
3.2%
39th
Bradford City
3.2%
40th
Watford
2.9%
36th
Oldham Athletic
2.7%
Quiz Playlist
Details
Report
Send in Message
Add To Playlist
Classic:
Type in answers that appear in a list
Forced Order:
Answers have to be entered in order
Last Updated: Nov 8, 2018
Quiz Scoreboard
CHALLENGE
Sign Up to Join the Scoreboard
Show All
Scores
Hide
Comments
May contain spoilers
Recently Published
Colored Red Africa Blitz
by spor1
Geography
30s
Find the 'City' Movie
by crazypaving
Movies
60s
5x2 Blitz: Bands
by SL_Kpop136
Music
30s
More to Explore
Quiz From the Vault
Featured Blog Post
14 Easter Pick-up Lines to Find Eggs With
hide this ad
You Might Also Like...
Tags
Football Quiz
Premier League Quiz
Soccer Quiz
Arsenal
Chelsea
England
Manchester United
Tottenham Hotspur
Today's Top Quizzes in Sports
Browse Sports
hide this ad
Today's Top Quizzes in Premier League
Browse Premier League
Top Contributed Quizzes in Sports
1
Players with Multiple 50 Home Run Seasons
2
Les entraîneurs de l'OM et du PSG au 21e siècle
3
Criteria MLB: Left Handed Sluggers
4
2022 World Cup Stars
5
Les meilleurs buteurs des matchs entre le PSG et l’OM
6
Who Hit More Homers?
7
Les joueurs passés par le PSG et l'OM
8
NBA Logic Puzzle 2.0
9
Top 10 NHL Goal Scorers of All Time
10
MLB Players with Two .350 Batting Average Seasons
Explore More
Trending Topics
Kpop
Harry Potter
Anime
Crossword
Marvel
NBA
Disney
Soccer
Puzzle
Pokémon
WWE
NFL
Song
The Office
Country
hide this ad
More By:
danwiser529
Quiz
Plays
Rating
Category
Featured
Created
All-time Premier League table
1,392
2.10
Sports
Dec 22, 2010
Champions League 2010/2011 Group Stage
137
4.00
Sports
Dec 11, 2010
Words with the Suffix WARD
49
1.67
Just For Fun
Dec 20, 2010
Go to Creator's Profile
Score Distribution
Quiz Creator Spotlight
danwiser529
Follow
Send a Message
Quizzes Created
-
Created Quiz Play Count
-
More By This Creator
Popular Quizzes Today
1
Colored Red Africa Blitz
2
Find the 'City' Movie
3
Find the US States - No Outlines Minefield
4
5x2 Blitz: Bands
5
The Countries of the World
6
Find the US States
7
US States
8
9x9 Crossword: Cartoon Network
More Sports Quizzes
MLB Pitchers: 200 Wins Since 2000
Published
Trending Quizzes
Colored Red Europe Blitz I
Colored Red Europe Blitz II
Colored Red Africa Blitz II
Colored Red Africa Blitz III
Colored Red Europe Blitz III
Recently Updated
2024 March Madness Bracket
pecheneg
Famous TV Couples
Peacemaker
Champions League XIs: Real Madrid
pecheneg
Largest US Cities 1790-2010
pecheneg
Rides in Walt Disney World
pecheneg
Most Oscar Losses (Acting)
pecheneg
Beyoncé Albums
pecheneg
Leaping Animals
pecheneg
Reality TV Shows (A-Z)
bhenderson79
Rickey Henderson's Hall of Fame Teammates
pecheneg
Trending Topics
Anime
NBA
Marvel
Disney
Harry Potter
Kpop
Crossword
NFL
Song
The Office
WWE
Pokémon
Country
Puzzle
Soccer
Your Account Isn't Verified!
In order to create a playlist on Sporcle, you need to verify the email address you used during registration. Go to your
Sporcle Settings
to finish the process.
Report this User
Report this user for behavior that violates our
Community Guidelines
.
Details:
Send Report
Go to the Sporcle.com Mobile Site →
Comments